The microsoft access handbook

Αποθηκεύτηκε σε:
Λεπτομέρειες βιβλιογραφικής εγγραφής
Κύριος συγγραφέας: Campbell, Mary V.
Μορφή: Βιβλίο
Γλώσσα:English
Δημοσίευση: New York : McGraw-Hill, c1994.
Θέματα:
Ετικέτες: Προσθήκη ετικέτας
Δεν υπάρχουν, Καταχωρήστε ετικέτα πρώτοι!

MARC

LEADER 00000cam a2200000 i 4500
001 1/21995
008 960710s1994 eng d
020 |a 0-07-882014-6 
035 |l 10021817 
040 |a GR-MY-UA  |b gre  |e aacr 
041 0 |a eng 
082 7 |a 005.7565  
100 1 |a Campbell, Mary V. 
245 1 4 |a The microsoft access handbook /   |c Mary Campbell.  
260 |a New York :   |b McGraw-Hill,   |c c1994.  
300 |a 758 σ.  
500 |a Περιλαμβάνει ευρετήριο.  
650 0 |a Database management. 
630 0 0 |a Microsoft Access. 
852 |a INST  |b CHIOS  |e 19960710  |h 005.7565 CAM  |p 005200001754  |q 005200001754  |t BK  |y 12 
909 |a Χ  |b 040443